00711nam a2200169Ia 4500008004100000020001800041041000800059082001800067100005700085245018000142250000600322260004100328300001200369650000900381999001900390952013200409210716s2011 xx 000 0 und d a9788126531448 aeng a621.3821 LECN aLecrenski, Nick;Watson, Karli;Fonseca-Ensor, Robert. aBeginning windows phone 7 application development: building windows phone application using silverlight and xna.bBuilding windows phone application using silverlight and xna. a1 aNew DelhibWiley India Pvt Ltdc2011 axxi,578 aNone c191595d191595 001040708MCAaAIMITbAIMITeKnowledge Worldg549.00l0o621.3821 LECNpMCA11103r2025-07-21 00:00:00v411.75w2021-07-16yBK